| 000 | 01462nam a2200217Ia 4500 | ||
|---|---|---|---|
| 003 | Ost | ||
| 005 | 20260507075706.0 | ||
| 008 | 260507s9999||||xx |||||||||||||| ||und|| | ||
| 020 | _a9789947041444 | ||
| 040 | _cfsecg | ||
| 041 | _aara | ||
| 082 | _a657.46 | ||
| 100 |
_aحواس، صلاح _eمؤلف |
||
| 245 | 0 |
_aالمحاسبة المالية : _bحسب النظام المالي المحاسبي SCF (IAS/IFRS( : دروس ، مواضيع و مسائل محلولة / _c صلاح حواس |
|
| 260 |
_aالجزائر: _bدار عبد اللطيف, _c2014 |
||
| 300 |
_a210 صفحة؛ _bإيضاحات ؛ _c24 سم |
||
| 504 | _aمراجع ص.206 | ||
| 520 | _aأسس و مبادئ المحاسبة المالية، المبادئ و الفرضيات و الخصائص المحاسبية ، الأسس و الخصائص المحاسبية ، المشروع التمهيدي للنظام المالي المحاسبي الجديد SCF ، التدفقات ، الميزانية المحاسبية ، الدفاتر المحاسبية و الدورة المحاسبية ، دفتر اليومية ، ميزان امراجعة ، دراسة الحسابات المدونة ، الاحتياطات و التخفيضات و الفوترة و الغلافات و المردودات و الاهتلاكات و أخيرا التنازل عن التثبيتات و خسارة القيمة. | ||
| 653 | _aالمحاسبة التحليلية | ||
| 942 | _cكتاب | ||
| 999 |
_c45873 _d45873 |
||